000 00454nam a2200193Ia 4500
008 170918s9999 xx 000 0 und d
020 _a9780545207447
050 _bE536 2008
100 _aEmerson, Kevin
245 _aCarlos os gonna get it /
245 _cKevin Emerson.
260 _aNew York :
260 _bScholastic,
260 _c2008
300 _a291 pages :
300 _bcolored illustration ;
300 _c19cm.
500 _a870
999 _c342074
_d342074